000 00703nam a2200289Ia 4500
005 20260324112010.0
008 008 260324s9999 xx 000 0 eng d
020 _a9781003495772
037 _aEBOOK
040 _aCRL
040 _beng
040 _cCRL
041 _2eng
041 _aeng
084 _qCRL
100 _aSara O’Connor
_91140884
245 0 _aCivic Activism in Authoritarian Space
245 0 _bUrban Development Interventions in Kazakhstan
260 _bTaylor and Francis
260 _c2025
365 _a
365 _b230
856 _uhttp://www.taylorfrancis.com/books/9781003495772
942 _cEBOOK
999 _c1729903
_d1729903